Sports Quiz

Random Sports or MLB Quiz
Score 0/111 Timer 05:00
0 Plays Today
Stat category Player % Correct
StrikeoutsGiancarlo Stanton
100%
StrikeoutsEvan Longoria
100%
Batting AverageMiguel Cabrera
99.5%
OBPMiguel Cabrera
99.5%
SLGMiguel Cabrera
99.5%
HitsMiguel Cabrera
99.5%
DoublesMiguel Cabrera
99.5%
HRMiguel Cabrera
99.5%
RunsMiguel Cabrera
99.5%
RBIMiguel Cabrera
99.5%
StrikeoutsMiguel Cabrera
99.5%
Batting AverageJoey Votto
99.1%
OBPJoey Votto
99.1%
SLGMookie Betts
99.1%
OBPAlbert Pujols
98.6%
SLGAlbert Pujols
98.6%
HitsAlbert Pujols
98.6%
DoublesAlbert Pujols
98.6%
HRAlbert Pujols
98.6%
RunsAlbert Pujols
98.6%
RBIAlbert Pujols
98.6%
Batting AverageMike Trout
98.2%
OBPMike Trout
98.2%
SLGMike Trout
98.2%
Batting AverageDJ LeMahieu
97.7%
HitsRyan Braun
97.3%
RBINelson Cruz
97.3%
Batting AverageJose Altuve
96.8%
RunsJoey Votto
96.4%
Batting AverageRobinson Cano
95.9%
HitsRobinson Cano
95.9%
DoublesRobinson Cano
95.9%
RunsRobinson Cano
95.9%
RBIRobinson Cano
95.9%
Batting AverageMookie Betts
94.6%
SLGGiancarlo Stanton
94.6%
OBPBryce Harper
94.1%
Stat category Player % Correct
HitsEdwin Encarnacion
94.1%
Stolen BasesJose Altuve
94.1%
Batting AverageBuster Posey
92.8%
HRRyan Braun
92.5%
RBIRyan Braun
92.5%
DoublesRyan Braun
91.9%
TriplesRyan Braun
91.9%
HRRobinson Cano
91.9%
SLGNolan Arenado
91.4%
RunsEdwin Encarnacion
91.4%
OBPPaul Goldschmidt
91%
SLGRyan Braun
91%
SLGPaul Goldschmidt
91%
HRNelson Cruz
89.6%
OBPFreddie Freeman
89.2%
DoublesRyan Zimmerman
89.2%
SLGNelson Cruz
89.1%
TriplesCharlie Blackmon
88.7%
SLGJ.D. Martinez
88.7%
DoublesEvan Longoria
88.2%
StrikeoutsNelson Cruz
86.8%
Batting AverageDustin Pedroia
84.9%
HRGiancarlo Stanton
84.6%
RBIRyan Zimmerman
83%
Stolen BasesBrett Gardner
83%
RBIEvan Longoria
81.4%
RBIMatt Kemp
81%
DoublesJoey Votto
79.6%
TriplesElvis Andrus
78.9%
OBPChristian Yelich
78.3%
RunsRyan Braun
78.3%
OBPShin-Soo Choo
77.8%
HREdwin Encarnacion
77.4%
RBIEdwin Encarnacion
77.4%
RBINick Markakis
77.4%
HitsYadier Molina
76.5%
StrikeoutsIan Desmond
76%
Stat category Player % Correct
DoublesDustin Pedroia
75.7%
TriplesAdam Eaton
75.6%
StrikeoutsChris Davis
75.1%
RunsShin Soo-Choo
74.7%
Stolen BasesStarling Marte
74.7%
TriplesDee Gordon
73.6%
RunsNick Markakis
73.6%
HRJay Bruce
73.3%
TriplesBrett Gardner
72.9%
RunsJustin Upton
71.5%
HitsJoey Votto
70.3%
DoublesYadier Molina
70.3%
Batting AverageCharlie Blackmon
68.8%
HRJustin Upton
68.4%
Stolen BasesRyan Braun
67%
HREvan Longoria
66%
Stolen BasesDee Gordon
65.2%
HitsNick Markakis
64.3%
DoublesNick Markakis
64.3%
StrikeoutsJustin Upton
64.3%
HitsDustin Pedroia
64.2%
Stolen BasesElvis Andrus
60.2%
RunsAndrew McCutchen
58.5%
Stolen BasesJarrod Dyson
56.8%
StrikeoutsEdwin Encarnacion
54.3%
StrikeoutsJay Bruce
52.8%
StrikeoutsMatt Kemp
49.1%
Stolen BasesBilly Hamilton
49.1%
StrikeoutsShin-Soo Choo
47.5%
OBPKris Bryant
46.2%
Stolen BasesJonathan Villar
43.4%
TriplesAndrew McCutchen
40.7%
HitsMatt Kemp
40.5%
TriplesMike Trout
37.7%
TriplesDexter Fowler
34.8%
TriplesKevin Kiermaier
34%
Stolen BasesMike Trout
28.3%
Remove Ads.
Support Sporcle.
Get the best of Sporcle when you Go Orange. This ad-free experience offers more features, more stats, and more fun while also helping to support Sporcle. Thank you for becoming a member.

You're not logged in!

Compare scores with friends on all Sporcle quizzes.
OR
Log In

Show Comments

Extras

Top Quizzes Today


Score Distribution

Your Account Isn't Verified!

In order to create a playlist on Sporcle, you need to verify the email address you used during registration. Go to your Sporcle Settings to finish the process.

Report this User

Report this user for behavior that violates our Community Guidelines.

Details: